00870 2200313 4500001002100000005001500021035002000036007000300056040001600059100003500075245008000110250001300190300003300203504002900236020001800265041000800283082000800291084001500299090002100314264004200335336002100377337003000398338002300428650001000451850001000461008004100471990002200512990002200534INLIS00000000000755420260602103416 a0010-0922000043ta aSBUPADbind0 aRahmansyah DermawanePengarang1 aTanya Jawab Flu Babi :bFlu Singapura,Dan Flu Burung /cRahmansyah Dermawan a.-Cet. 2 aiv,108 hlm :billus ;c23 cm abibliografi, hlm 107-108 a979-002-387-107aind a616 a616 ROH t a616 ROH t T6-1 a.--Jakarta; :bPenebar Swadaya,c2016 2rdacontentateks 2rdamediaatanpa perantara 2rdacarrieravolume 4aVirus aPUPAD260602 0  a23.849/H/DPK/2017 a23.848/H/DPK/2017